000 00665nam a22002417a 4500
003 UA-OsUOA
001 85881
007 ta
008 20120719b un ||||| |||| 00| 0 ukr d
100 _aОстромира М.
090 _a821.161.2
_bО-78
942 _cBK
040 _aUA-OsUOA
_bukr
_cUA-OsUOA
_dUA-OsUOA
245 _aЛемківщина в огні
_bповість
300 _a264 с.
955 _a3
041 _aukr
080 _a821.161.2
020 _a5-333-01157-5
260 _aК.
_bУкраїнський письменник
_c1992
650 7 _a82 Література. Літературознавство
_2UDC
999 _c372195
_d372195